000 00423nam a2200193Ia 4500
005 20240823035326.0
008 240823s9999||||xx |||||||||||||| ||und||
020 _a978-81-291-2023-6
041 _aENGLISH
082 _A823.1 Q2
100 _aAmandeep Sandhu
245 0 _aRoll of Honour
250 _a1st
260 _c2012
_bRupa
500 _aYES
650 _aHonour
_bGeneral
942 _cBK
999 _c200414
_d200414